Saltar al contenido

Проблемы и перспективы развития уголовно-исполнительной системы России на современном этапе. Часть 2 Материалы Всероссийской научной конференции обучающихся и молодых ученых с международным участием, посвященной 30-летию со дня образования Самарского юридического института ФСИН России (5 апреля 2024

В сборнике представлены доклады участников Всероссийской научной конференции обучающихся и молодых ученых с международным участием «Проблемы и перспективы развития уголовно-исполнительной системы России на современном этапе» посвященной 30-летию со дня образования Самарского юридического института Ф...

Descripción completa

Guardado en:
Detalles Bibliográficos
Formato: Материалы конференций
Edición:1
Acceso en línea:https://znanium.ru/catalog/document?id=463008
https://znanium.ru/cover/2205/2205580.jpg
Etiquetas: Agregar Etiqueta
Sin Etiquetas, Sea el primero en etiquetar este registro!
LEADER 02490nam0a2200313 i 4500
001 RU\infra-m\znanium\bibl\2205580
003 https://znanium.ru/catalog/document?id=463008
005 20250410000000.0
010 |a 978-5-91612-439-2 
100 |a 20250410d2025 m y0rusy0150 ca 
101 0 |a rus 
102 |a RU 
200 1 |a Проблемы и перспективы развития уголовно-исполнительной системы России на современном этапе. Часть 2  |e Материалы Всероссийской научной конференции обучающихся и молодых ученых с международным участием, посвященной 30-летию со дня образования Самарского юридического института ФСИН России (5 апреля 2024  |e Материалы конференций 
205 |a 1 
210 1 |a Самара  |c Самарский юридический институт ФСИН России  |d 2024 
215 |a 248 с. 
330 |a В сборнике представлены доклады участников Всероссийской научной конференции обучающихся и молодых ученых с международным участием «Проблемы и перспективы развития уголовно-исполнительной системы России на современном этапе» посвященной 30-летию со дня образования Самарского юридического института ФСИН России. 
333 |a Дополнительное профессиональное образование 
606 |a Право. Юридические науки  |x Уголовно-исполнительное право  |2 local 
608 |a Материалы конференций  |2 local 
675 |a 343  |z rus 
686 |a 67408  |2 rubbk 
686 |a 40.03.01  |2 okso 
686 |a 40.04.01  |2 okso 
686 |a 40.05.02  |2 okso 
686 |a 40.05.04  |2 okso 
801 0 |a RU  |b Общество с ограниченной ответственностью «ЗНАНИУМ»  |c 20250409  |2 rusmarc 
856 4 |a znanium.ru  |m ebs_support@infra-m.ru  |n НИЦ ИНФРА-М  |u https://znanium.ru/catalog/document?id=463008 
856 4 1 |a znanium.ru  |d /cover/2205  |f 2205580.jpg  |q image/jpeg  |u https://znanium.ru/cover/2205/2205580.jpg